Highest Goalscorers in the Champions League Beginning With 'M' - Statistics

General Stats
  • This quiz has been taken 44 times
  • The average score is 12 of 21
Answer Stats
# Goals Years Club(s) Nat. Answer % Correct
4 34 1969-1977 Bayern Munich 🇩🇪 Gerd Müller
100%
2 57 2016- Real Madrid, Paris Saint-Germain, AS Monaco 🇫🇷 Kylian Mbappé
100%
1 129 2004-2023 Barcelona, Paris Saint-Germain 🇦🇷 Lionel Messi
100%
3 57 2008-2025 Bayern Munich 🇩🇪 Thomas Müller
100%
8 27 2017-2023 Liverpool, Bayern Munich 🇸🇳 Sadio Mané
90%
15 13 2012-2016 FC Porto, Atlético Madrid 🇨🇴 Jackson Martínez
85%
10 21 2018- Inter Milan 🇦🇷 Lautaro Martínez
85%
7 29 2012-2025 Juventus, Atlético Madrid, Real Madrid, AC Milan, Chelsea 🇪🇸 Álvaro Morata
77%
13 16 2013-2024 Napoli, Galatasaray 🇧🇪 Dries Mertens
77%
5 33 1997-2010 Real Madrid, Valencia, AS Monaco, Liverpool, Olympique Marseille 🇪🇸 Fernando Morientes
74%
11 21 2012-2019 Juventus, Bayern Munich, Atlético Madrid 🇭🇷 Mario Mandžukić
72%
6 29 2000-2007 Bayern Munich, Deportivo La Coruña 🇳🇱 Roy Makaay
67%
14 14 2007-2017 Olympiakos, Benfica 🇬🇷 Kostas Mitroglou
31%
20 11 1987-1997 Rangers 🏴󠁧󠁢󠁳󠁣󠁴󠁿 Ally McCoist
28%
9 24 1959-1976 AC Milan, Juventus 🇧🇷 🇮🇹 José Altafini Mazzola
28%
12 17 1963-1972 Inter Milan 🇮🇹 Sandro Mazzola
28%
21 11 1989-2006 Lazio, Crvena Zvezda, Inter Milan, Vojvodina 🇷🇸 Siniša Mihajlović
28%
16 12 1986-1991 FC Porto 🇩🇿 Rabah Madjer
13%
18 12 1976-1987 Liverpool, APOEL Nicosia 🏴󠁧󠁢󠁥󠁮󠁧󠁿 Terry McDermott
10%
19 11 1959-1964 Barcelona, Real Madrid 🇧🇷 Evaristo de Macedo
5%
16 12 1965-1968 Sparta Prague, Dukla Prague 🇨🇿 Ivan Mráz
5%
No matching quizzes found
Score Distribution
Percent of People with Each Score
Percentile by Number Answered
Your Score History
You have not taken this quiz